La Història clínica per a l'assistència primària /
Descripción Física:
170 p. ; 24 cm
Colección:
Informes tècnics d'assistència sanitària ; 2
MARC
| LEADER | 00000nam a2200000Ia 4500 | ||
|---|---|---|---|
| 001 | 1549 | ||
| 008 | 160829s1984 xx 000 0 cat d | ||
| 080 | |a C-1-248 | ||
| 100 | |a Catalunya. Comissió per a la Història Clínica de l'Assistència Primària |9 19846 | ||
| 245 | |a La Història clínica per a l'assistència primària / |c Comissió per a la Història Clínica de l'Assistència Primària | ||
| 260 | |a Barcelona : |b Generalitat de Catalunya, Departament de Sanitat i Seguretat Social, |c 1984 | ||
| 300 | |a 170 p. ; |c 24 cm | ||
| 490 | |a Informes tècnics d'assistència sanitària ; 2 | ||
| 590 | |a Bibliografia | ||
| 650 | |a Assistència mèdica |x Catalunya |x Informes |9 30902 | ||
| 650 | |a Històries clíniques |9 19848 | ||
| 710 | 1 | |a Catalunya. |b Departament de Sanitat i Seguretat Social |9 56409 | |
| 901 | |a Arxiu | ||
| 942 | |n 1 | ||
| 952 | |0 0 |1 0 |4 0 |6 C1248 |7 1 |9 41345 |a Arxiu |b Arxiu |d 2016-12-01 |l 0 |o C-1-248 |p 1549 |r 2016-12-01 00:00:00 |w 2016-12-01 |y ARXIU | ||
| 999 | |c 43153 |d 43153 | ||